Me han construído en la historia ahora quiero reconocerme. Acuerdo sobre identidad y derechos delospueblos indígenas /
Збережено в:
| Автор: | |
|---|---|
| Формат: | Текст |
| Теги: |
Додати тег
Немає тегів, Будьте першим, хто поставить тег для цього запису!
|
MARC
| LEADER | 00000 a a2200000 04500 | ||
|---|---|---|---|
| 001 | 45209 | ||
| 003 | |||
| 040 | |||
| 100 | |a Castañeda, Flor | ||
| 245 | |a Me han construído en la historia ahora quiero reconocerme. |b Acuerdo sobre identidad y derechos delospueblos indígenas / |c Flor Castañeda | ||
| 773 | |g páginas 83-88 | ||
| 999 | |c 36417 |d 36417 | ||
